[Event "La Vega op 3rd"]
[Site "La Vega"]
[Date "2019.08.20"]
[Round "1"]
[White "Camacho Campusano, David Daniel"]
[Black "Alcantara Urbaez, Richard Leandro"]
[Result "1-0"]
[WhiteElo "2196"]
[BlackElo "1712"]
[PlyCount "37"]
[EventDate "2019.08.20"]
[EventType "swiss"]
[EventRounds "9"]
[EventCountry "DOM"]
[SourceTitle "EXT 2020"]
[Source "ChessBase"]
[SourceDate "2019.10.17"]
[SourceVersion "1"]
[SourceVersionDate "2019.10.17"]
[SourceQuality "1"]

1. e4 e5 2. Nf3 Nc6 3. Bc4 Be7 4. d4 exd4 5. c3 d3 6. Qb3 d5 7. exd5 Na5 8. Qa4+ c6 9. dxc6 Nxc4 10. cxb7+ Bd7 11. bxa8Q Bxa4 12. Qxd8+ Bxd8 13. b3 d2+ 14. Nbxd2 Nxd2 15. Kxd2 Bd7 16. Re1+ Be6 17. Nd4 Ne7 18. Nxe6 fxe6 19. Rxe6 1-0

[Event "Santo Domingo Independencia op 8th"]
[Site "Santo Domingo"]
[Date "2019.02.16"]
[Round "2"]
[White "Perez Feliz, Jose Enrique"]
[Black "Alcantara Urbaez, Richard Leandro"]
[Result "0-1"]
[WhiteElo "1930"]
[BlackElo "1658"]
[PlyCount "58"]
[EventDate "2019.02.15"]
[EventType "swiss"]
[EventRounds "8"]
[EventCountry "DOM"]
[SourceTitle "CBM 189 Extra"]
[Source "ChessBase"]
[SourceDate "2019.06.03"]
[SourceVersion "1"]
[SourceVersionDate "2019.06.03"]
[SourceQuality "1"]

1. e4 c5 2. Nf3 Nc6 3. Bb5 Nd4 4. Nxd4 cxd4 5. 0-0 Qc7 6. b3 Nf6 7. Re1 Qe5 8. Bd3 d6 9. f3 a6 10. Bb2 g6 11. Kh1 Bg7 12. c3 dxc3 13. Nxc3 0-0 14. Bc4 Qh5 15. d4 Be6 16. Bxe6 fxe6 17. e5 Nd5 18. exd6 exd6 19. Rxe6 Rae8 20. Qe1 Rc8 21. Rc1 Nf4 22. Rxd6 Nd3 23. Qd2 Nxc1 24. Bxc1 Qa5 25. Bb2 Rfe8 26. h3 Qb4 27. Rd7 Rc6 28. Qf4 Re1+ 29. Kh2 Be5 0-1

[Event "Santo Domingo Duarte Memorial 6th"]
[Site "Santo Domingo"]
[Date "2017.02.03"]
[Round "5"]
[White "Alcantara Urbaez, Richard Leandro"]
[Black "Camacho Campusano, David Daniel"]
[Result "0-1"]
[WhiteElo "1646"]
[BlackElo "2145"]
[PlyCount "112"]
[EventDate "2017.01.27"]
[EventType "swiss"]
[EventRounds "8"]
[EventCountry "DOM"]
[SourceTitle "CBM 176 Extra"]
[Source "ChessBase"]
[SourceDate "2017.03.02"]
[SourceVersion "1"]
[SourceVersionDate "2017.03.02"]
[SourceQuality "1"]

1. Nf3 Nf6 2. c4 g6 3. d4 Bg7 4. Bf4 0-0 5. Nc3 d6 6. h3 c6 7. e3 Nbd7 8. Be2 Qe8 9. 0-0 e5 10. Bh2 Qe7 11. Re1 h6 12. Qc2 Nh7 13. Ne4 f5 14. Nc3 Ng5 15. Rad1 Re8 16. Kf1 Nf8 17. a3 a5 18. b3 Be6 19. a4 Rad8 20. Qb1 e4 21. Ng1 Nd7 22. Qc1 Nb8 23. Qa3 Na6 24. Na2 Bf8 25. Rd2 Qf7 26. d5 cxd5 27. cxd5 Bc8 28. Bxa6 bxa6 29. Rc1 Bb7 30. Nc3 Qf6 31. Nge2 Nf7 32. Nf4 Rc8 33. Nce2 Ne5 34. Qa1 Bg7 35. Rdc2 Rxc2 36. Rxc2 Nf3 37. Qxf6 Nxh2+ 38. Kg1 Bxf6 39. Kxh2 g5 40. Nh5 Be5+ 41. g3 Bxd5 42. Rd2 Bf7 43. Nhf4 gxf4 44. gxf4 Bg7 45. Rxd6 Bxb3 46. Ng3 Re6 47. Rd8+ Kh7 48. Nxf5 Bxa4 49. Ng3 Bb5 50. Rc8 a4 51. Rc7 a3 52. Nf5 Rg6 53. h4 h5 54. Nxg7 Rxg7 55. Rc3 a2 56. Ra3 Bc4 0-1

[Event "Santo Domingo Duarte Memorial 6th"]
[Site "Santo Domingo"]
[Date "2017.01.27"]
[Round "1"]
[White "Alcantara Urbaez, Richard Leandro"]
[Black "Franco Rodriguez, Andres Avelino"]
[Result "0-1"]
[WhiteElo "1646"]
[BlackElo "2032"]
[PlyCount "71"]
[EventDate "2017.01.27"]
[EventType "swiss"]
[EventRounds "8"]
[EventCountry "DOM"]
[SourceTitle "CBM 176 Extra"]
[Source "ChessBase"]
[SourceDate "2017.03.02"]
[SourceVersion "1"]
[SourceVersionDate "2017.03.02"]
[SourceQuality "1"]

1. Nf3 d5 2. d4 Nf6 3. Bf4 c5 4. e3 Nc6 5. c4 Qb6 6. Qb3 Qxb3 7. axb3 Bf5 8. Na3 cxd4 9. exd4 e6 10. c5 Be7 11. Bb5 0-0 12. Bxc6 bxc6 13. 0-0 Ne4 14. Ne5 Rfc8 15. f3 Nf6 16. h4 Nh5 17. Bg5 f6 18. g4 Ng3 19. Rfe1 fxg5 20. gxf5 Nxf5 21. Nc2 Nxh4 22. Kf2 Bf6 23. Ng4 Kf7 24. Ra6 Nf5 25. Re5 h5 26. Rxf5 exf5 27. Nge3 g4 28. b4 f4 29. Nd1 Rc7 30. Nc3 Ke6 31. b5 Rb8 32. b6 axb6 33. cxb6 Rcb7 34. Na4 Kd6 35. b4 Bd8 36. Nc5 0-1